Представление документа в формате MARC21

Поле Инд. ПП Название Значение
Тип записи a
Библиографический уровень b
001 Контрольный номер RU/IS/BASE/296144992
005 Дата корректировки 20200630193206.6
008 Кодируемые данные 20090520
040 b Код языка каталог. rus
e Правила каталог. PSBO
041 0_ a Код языка текста rus
084 a Индекс другой классификации/Индекс ББК 87.3(5Япо)4; 86.35-3; 86.201; 87.3(5Япо)6
100 1_ a Автор Бабкова М. В.
q Полное имя Бабкова Майя Владимировна
245 10 a Заглавие Отражение теории "исконной просветленности" в учении До:Гэн
504 a Библиография Библиогр. - Примеч.: с. 163 - 165
600 14 a Персоналии Догэн
650 04 a Основная рубрика буддизм
a Основная рубрика история философии
a Основная рубрика религиоведение
a Основная рубрика религия
a Основная рубрика философия
a Основная рубрика философия религии
653 0_ a Ключевые слова XII век
a Ключевые слова XX век
a Ключевые слова Дзэн-буддизм
a Ключевые слова исконная просветленность (хонгаку)
a Ключевые слова история религии
a Ключевые слова критический буддизм
a Ключевые слова философские учения
a Ключевые слова философские школы
a Ключевые слова школа Сото
a Ключевые слова Япония
a Ключевые слова японский буддизм
773 08 t Заглавие источника Вопросы философии
d Дата издания источника 2009
g Прочая информация № 1. - С. 156 - 165
w Контрольный № источника RU/IS/BASE/290183576
901 t Тип документа b